| 000 | 01176cam a2200301 a 4500 | ||
|---|---|---|---|
| 005 | 20250331183859.0 | ||
| 008 | 140901s2014 ck gr 000 0dspa | ||
| 015 | _ack-2014-xxxx | ||
| 020 | _z978-958-584280-9 | ||
| 020 | _a978-958-58428-0-9 (corregido v.1) | ||
| 020 | _a978-958-58428-1-6 (v.2) | ||
| 040 |
_aCO-CtgCURN _bspa _ccoctgcurn |
||
| 082 | 0 | 4 |
_a001.4 _bM491 _223 |
| 100 | 1 | _aMedina Suárez, María Nuncia. | |
| 245 | 1 | 3 |
_aLa investigación aplicada a proyectos / _cMaria Nuncia Medina Suárez. |
| 250 | _aSegunda edicion. | ||
| 260 |
_aBogotá : _bCaye, _c2014. |
||
| 300 |
_a2 volumenes ; _c24 cm. |
||
| 500 | _aContiene información biográfica del autor. | ||
| 504 | _aBibliografía al final de cada capítulo en v.1. | ||
| 505 | 2 | 0 |
_gv.1. _tIdentificación del proyecto y formulación de la investigación -- _gv.2. _tDe los objetivos al diseño metodológico de la investigación. |
| 596 | _a7 | ||
| 650 | 1 | 4 | _aProyectos de investigación. |
| 650 | 1 | 4 | _aInvestigación científica. |
| 942 |
_aBK _h001.4 _iM491 _2ddc |
||
| 999 |
_c16199 _d16199 |
||